| 000 | 00841cam a2200265 a 4500 | ||
|---|---|---|---|
| 001 | 36169 | ||
| 003 | BD-RjUL | ||
| 005 | 20211209052438.0 | ||
| 008 | 140617s1991 ii b 001 0 eng | ||
| 020 | _a8170244188 : | ||
| 035 | _a(BD-RjUL)36266 | ||
| 040 |
_aDLC _cDLC _dBD-RjUL _beng |
||
| 041 | _aeng | ||
| 082 |
_a320.954 _bMUG 1991 |
||
| 100 | 0 |
_aShan Muhammad. _973059 |
|
| 245 | 1 | 4 |
_aThe Growth of Muslim politics in India, 1900-1919 / _cShan Muhammad. |
| 260 |
_aNew Delhi : _bAshish Pub. House, _c1991. |
||
| 300 |
_ax, 227 p. ; _c23 cm. |
||
| 504 | _aIncludes bibliographical references (p. [209]-218) & Includes index. | ||
| 650 | 0 |
_aMuslims _xPolitical activity _zIndia. _9110075 |
|
| 651 | 0 |
_aIndia _xPolitics and government _y1857-1919. _9110076 |
|
| 942 |
_2ddc _cBK |
||
| 999 |
_c36169 _d36169 |
||